00384pab a2200133 454500008004000000100001600040245008300056260000900139300001300148362001100161650001900172700002500191773003400216180718b2009 xxu||||| |||| 00| 0 eng d aDas, Kashab aEnsuring horizontal equity: challenge before the thirteenth finance commission c2009 ap.14-17. a31 Jan aPublic finance aMishra, Aswini Kumar aEconomic and Political Weekly